El arte en otras culturas /

¿Qué es el arte? Cada cultura tiene su propia respuesta, o varias. Por eso, en cada caso, son diferentes los modos que tiene el artista de enfrentar su propia obra. Religiones y filosofías han generado diversas epistemologías a la hora de la creación. Una revisión de estas posturas particulares en t...

Descripción completa

Guardado en:
Autor Principal: Ávila, Benjamín
Autor Corporativo: Canal Encuentro.
Otros Autores: Busaniche, Gisela; Conducción.
Formato: Deslizar
Publicado: Argentina, 2010
Series:En el medio del arte /
Materias:
Acceso en línea:https://www.educ.ar/recursos/101408/el-arte-en-otras-culturas
Etiquetas: Agregar Etiqueta
Sin Etiquetas, Sea el primero en etiquetar este registro!
LEADER 01537ngm a22004455g 4500
001 CEM.cems024159
008 130507s2010##################0###0#####d
005 20250829163820.0
245 1 0 |a El arte en otras culturas /  |c Benjamín Ávila. 
260 |a Argentina,  |c 2010 
300 |a 27'. 
490 0 |a En el medio del arte / 
500 |a Consultar en ventanilla. 
538 |a Soporte: DVD - Grabación DRD 
520 |a ¿Qué es el arte? Cada cultura tiene su propia respuesta, o varias. Por eso, en cada caso, son diferentes los modos que tiene el artista de enfrentar su propia obra. Religiones y filosofías han generado diversas epistemologías a la hora de la creación. Una revisión de estas posturas particulares en torno a la consideración de la noción del arte. 
100 1 |a Ávila, Benjamín 
700 1 |a Busaniche, Gisela; Conducción. 
710 2 |a Canal Encuentro. 
082 7 0 |/ AVI-2 
653 |a ARTE 
653 |a CULTURA 
653 |a RELIGIÓN 
653 |a FILOSOFÍA 
653 |a EPISTEMOLOGÍA 
653 |a PANIZZA 
653 |a MÚSICA 
653 |a ÁFRICA 
653 |a INMIGRACIÓN 
653 |a ISLAM 
653 |a SUFISMO 
653 |a ARABIA 
653 |a RATNABALI 
653 |a INDIA 
653 |a CECCONI 
653 |a TAIKO 
653 |a JAPÓN 
653 |a EIGUCHI 
653 |a PROGRAMA DE TELEVISIÓN 
856 |u https://www.educ.ar/recursos/101408/el-arte-en-otras-culturas 
859 |a CEMS  |b BIB. CEMS - Depto. Recursos Didacticos  |h 700  |i AVI-2  |k DRD  |p 2802.19  |t Ej.1